Quizzes
Events
Quiz Creation
Community
Videos
Private Events
Remove Ads
Sign In
Join for FREE
Feedback
Dark Mode
Quiz Categories
Sports
Geography
Music
Movies
Television
Just For Fun
Miscellaneous
History
Literature
Language
Science
Gaming
Entertainment
Religion
Holiday
For Kids
Quiz Lab
Recent
Popular Today
Quiz Kudos Today
Editor Picks
Curator Picks
Quizzes by...
Day
Popularity
Type
Ratings
Length
Year
Community
Subscriptions
Recent Discussions
Orange Saloon
Badges
Playlists
Quests
Create
Leaderboards
Showdown
Live 5
Trivia Bingo
Activity
Puzzle Library
Sporcle Events
Private Events
Virtual Trivia
Globe League
Become a Host
Pub Owners
SporcleCon
Opinionation
Our Games
Videos
Blog
Mobile Apps
Partnerships
Remove Ads and Go Orange
Feedback
Music
Pop Music
The Beatles
Song
Album
Lyrics
Bands
Singers
Artist
Clip
Rock
Rap
Classical
Billboard
Country Music
Kpop
Taylor Swift
Music
Pop Music
The Beatles
Song
Album
Lyrics
Bands
Singers
Artist
Clip
Rock
Rap
Classical
Billboard
Country Music
Kpop
Taylor Swift
Random Quiz
Search Sporcle
×
Quiz Lab
Quiz Lab
Music
Artist
Type in answers that appear in a list
Type in answers that appear in a list
Classic
Best Score? Go Orange.
Figure out the Title 1 Stats
Can you name the Figure out the Title based on the lyrics?
By
fede13
5m
20 Questions
13 Plays
13 Plays
13 Plays
Comments
Comments
Give Quiz Kudos
Give Quiz Kudos
-
- Ratings
hide this ad
Random Order
Randomize order of answers
Randomize order of answers
Replay
Link that replays current quiz
Next Quiz
Link to next quiz in quiz playlist
You Got
0%
They Got
Avg Score
26%
Avg Friend Score
Upgrade to see
Score Distribution
Jump to the score distribution portion of the page
Score
0/20
Timer
05:00
0
Plays Today
Lyrics
Song Title
% Correct
Summer has come and past, The innocent can never last
wake me up when september ends
61.5%
I got the eye of the tiger, a fighter, dancing through the fire
roar
61.5%
Like who's that chick that's rockin' kicks, She's gotta be from outta town
party in the usa
53.8%
And who do you think you are, Runnin' 'round leaving scars
jar of hearts
46.2%
If you're goin' my way, I wanna drive it all night long
life is a highway
46.2%
It don't run in our blood, That kind of love's just ain't for us
royals
46.2%
Lately, I been I been losin' sleep, Dreamin' abou tthe things that we could be
counting stars
38.5%
Let him know that you know best, Cause after all you do know best
how to save a life
23.1%
I'm 99 for a moment, And just in time for another moment
100 years
23.1%
I take her home, I drive all night to keep her warm, And time...is frozen
story of my life
23.1%
Lyrics
Song Title
% Correct
Sorry that I couldn't get to you, Anywhere I would've followed you
say something
15.4%
Say what you mean, Tell me I'm right, And let the sun rain down on me
mona lisa
15.4%
Lyin' on the floor, Surrounded, Surrounded, Why'd you have to wait, Where were you, Where were you, Just a little late
you found me
15.4%
Do you feel like a man when you push her around?
face down
7.7%
Gravity, Don't mean too much to me, I'm who I've got to be, These pigs are after me, After you
bulletproof heart
7.7%
We could stay young forever, Screamin' from the top of your lungs
alone together
7.7%
Imma shake you off though Get up on that horse and Ride into the sunset Look back with no remorse
werewolf
7.7%
So make your siren's call And sing all you want I will not hear what you have to say
the cave
7.7%
Oh you tell me to hold on But innocence is gone And what was right is wrong
bleeding out
7.7%
It's good to know you've got a friend, That you remember now and then, Everybody loses
bruises
7.7%
Quiz Playlist
Details
Report
Send in Message
Add To Playlist
Classic:
Type in answers that appear in a list
Random Order:
Randomize order of answers
Last Updated: Feb 16, 2017
Quiz Scoreboard
CHALLENGE
Sign Up to Join the Scoreboard
Show All
Scores
Hide
Comments
May contain spoilers
Recently Published
Movies - When Are They Set?
by FPL_Elf
Movies
5m
Popular People in 1961
by mucciniale
History
6m
1-10 Letter E Words III
by El_Dandy
Language
2m
More to Explore
Quiz From the Vault
Featured Blog Post
Where Did the Easter Bunny Come From?
hide this ad
You Might Also Like...
Tags
Artist Quiz
Song Quiz
Today's Top Quizzes in Music
Browse Music
hide this ad
Today's Top Quizzes in Artist
Browse Artist
Top Contributed Quizzes in Music
1
Taylor Swift All Songs (2024)
2
2010s Album by Cover III
3
Guess the Artist- 70s Songs
4
One Thing in Common: Music
5
Taylor Swift Logic Puzzle
6
Guess the Taylor Swift song (Mystery Song)
7
2010s Album by Cover IV
8
2010s Album by Cover V
9
KPOP LOGIC QUIZ
10
Kpop Logic Quiz
Explore More
Trending Topics
Kpop
Crossword
Marvel
Disney
Anime
NBA
Harry Potter
NFL
Puzzle
The Office
Country
Soccer
Pokémon
WWE
Song
hide this ad
More By:
fede13
Quiz
Plays
Rating
Category
Featured
Created
Figure out the Title 1
13
Music
Dec 20, 2013
Go to Creator's Profile
Score Distribution
Quiz Creator Spotlight
fede13
Follow
Send a Message
Quizzes Created
-
Created Quiz Play Count
-
More By This Creator
Popular Quizzes Today
1
Find the Countries of Europe - No Outlines Minefield
2
Find the US States - No Outlines Minefield
3
The Countries of the World
4
Popular People in 1961
5
US States
6
1-10 Letter E Words III
7
Find the US States
8
One Thing in Common: World Cities II
More Music Quizzes
Greta Van Fleet Songs
Quiz Lab
Trending Quizzes
Risky Map Clicking: Least Populous States A-Z
1-10 Letter F Words
1-10 Letter G Words
One Thing in Common: United Kingdom
Risky Map Clicking: Next State Alphabetically
Recently Updated
Leaping Animals
pecheneg
Reality TV Shows (A-Z)
bhenderson79
Rickey Henderson's Hall of Fame Teammates
pecheneg
Champions League XIs: Arsenal
pecheneg
Quick Pick: Celebrities in WWE's Hall of Fame
aduchscher
A-Z Keypad Blitz II
pecheneg
Multiple Oscar Actors
pecheneg
Mystery Phrase Blitz: Oscar 'Best Actors'
pecheneg
F. Scott Fitzgerald Novels
LTH
Pick 3 Villains
ddd62291
Trending Topics
NBA
Kpop
Disney
Crossword
Marvel
Harry Potter
Anime
Soccer
The Office
WWE
Song
NFL
Pokémon
Country
Puzzle
Your Account Isn't Verified!
In order to create a playlist on Sporcle, you need to verify the email address you used during registration. Go to your
Sporcle Settings
to finish the process.
Report this User
Report this user for behavior that violates our
Community Guidelines
.
Details:
Send Report
Go to the Sporcle.com Mobile Site →
Comments